عرض عادي
عرض مارك
- Mandell, Jacob
مدخل إسم شخص
001 - رقم الضبط
- حقل الضبط: 119952
003 - معرف رقم الضبط
- حقل الضبط: OSt
005 - تاريخ ووقت أخر عملية
- حقل الضبط: 20250614144602.0
008 - عناصر بيانات ثابتة الطول
- حقل تحكم ثابت الطول: 250614|| aca||aabn | a|a d
040 ## - مصدر الفهرسة
- هيئة الفهرسة الأصلية: OSt
- وكالة الكتابة: OSt
100 ## - مدخل -- أسم شخص
- إسم شخص: Mandell, Jacob
670 ## - بيانات المصدر موجوده
- الاستشهاد بالمصدر: Work cat.: (OSt)86714: Sun, Ellen X, Core radiology : a visual approach to diagnostic imaging /, 2021
